Asian Countries That Border… - Statistics

General Stats
  • This quiz has been taken 8 times
  • The average score is 33 of 45
Answer Stats
Question Tile Select % Correct
Laos Bangladesh No
100%
Laos Bhutan No
100%
Laos Indonesia No
100%
Iraq Iran Yes
100%
Laos Malaysia No
100%
Iraq Oman No
100%
Iraq Qatar No
100%
Iraq Syria Yes
100%
Laos Thailand Yes
100%
Laos Vietnam Yes
100%
Nepal Afghanistan No
86%
Iraq Azerbaijan No
86%
Nepal Bangladesh No
86%
Nepal Bhutan No
86%
Laos Cambodia Yes
86%
Laos China Yes
86%
Nepal China Yes
86%
Nepal India Yes
86%
Tajikistan Iran No
86%
Iraq Kuwait Yes
86%
Tajikistan Kyrgyzstan Yes
86%
Nepal Myanmar No
86%
Nepal Pakistan No
86%
Nepal Tajikistan No
86%
Nepal Turkmenistan No
86%
Tajikistan Afganistan Yes
71%
Tajikistan China Yes
71%
Tajikistan Kazakhstan No
71%
Iraq Saudi Arabia Yes
71%
Iraq Turkey Yes
71%
Malaysia Brunei Yes
57%
Malaysia Cambodia No
57%
Tajikistan India No
57%
Malaysia Indonesia Yes
57%
Malaysia Myanmar No
57%
Malaysia Papua New Guinea No
57%
Malaysia Thailand Yes
57%
Malaysia Timor-Leste No
57%
Tajikistan Uzbekistan Yes
57%
Malaysia Vietnam No
57%
Tajikistan Pakistan No
43%
Iraq Jordan Yes
29%
Tajikistan Turkmenistan No
29%
Malaysia Singapore Yes
14%
Laos Myanmar Yes
0%
No matching quizzes found
Score Distribution
Percent of People with Each Score
Percentile by Number Answered
Your Score History
You have not taken this quiz